Music Quiz

Random Music Quiz

Lana Del Rey Born To Die Lyrics Quiz Stats

Quiz not verified by Sporcle

Challenge
Share
Tweet
Embed
Score 0/283 Timer 05:00
2 Plays Today
% Correct
me?
98%
me
98%
me
98%
me
98%
me
98%
me
98%
me
98%
me
98%
me
98%
me
98%
me
98%
me
98%
to
97.9%
to
97.9%
to
97.9%
to
97.9%
to
97.9%
to
97.9%
the
97.7%
the
97.7%
the
97.7%
the
97.7%
and
97.7%
the
97.7%
the
97.7%
the
97.7%
a
97.7%
the
97.7%
the
97.7%
the
97.7%
and
97.7%
a
97.7%
the
97.7%
and
97.7%
the
97.7%
the
97.7%
the
97.7%
a
97.7%
the
97.7%
the
97.7%
the
97.7%
and
97.7%
don't
96.1%
don't
96.1%
don't
96.1%
don't
96.1%
don't
96.1%
don't
96.1%
don't
96.1%
you
94.9%
you
94.9%
you
94.9%
you
94.9%
you
94.9%
you
94.9%
you
94.9%
you
94.9%
you
94.9%
Take
94.1%
take
94.1%
take
94.1%
take
94.1%
take
94.1%
now
93.1%
now
93.1%
fail
90.5%
it
90.1%
it
90.1%
it
90.1%
is
89.6%
is
89.6%
is
89.6%
is
89.6%
is
89.6%
is
89.6%
is
89.6%
line
89.6%
finish
89.5%
Feet
89.1%
so
88%
so
88%
that
87.7%
that
87.7%
that
87.7%
on
87.5%
on
87.5%
on
87.5%
on
87.5%
on
87.5%
on
87.5%
on
87.5%
my
86.8%
in
86.8%
in
86.8%
in
86.8%
% Correct
in
86.8%
your
86.1%
your
86.1%
your
86.1%
your
86.1%
heart
85.5%
make
85.4%
make
85.4%
make
85.4%
make
85.4%
make
85.4%
every
84.8%
why
84.5%
why
84.5%
step
83.9%
we
83.8%
we
83.8%
we
83.8%
we
83.8%
like
83.3%
like
83.3%
like
83.3%
like
83.3%
walk
82.9%
walk
82.9%
breaks
82.8%
tell
82.6%
tell
82.6%
mine
82.6%
mine
82.6%
I
82.4%
I
82.4%
I
82.4%
I
82.4%
I
82.4%
I
82.4%
I
82.4%
I
82.4%
I
82.4%
I
82.4%
I
82.4%
I
82.4%
I
82.4%
I
82.4%
cry
82.3%
cry
82.3%
Oh
82.2%
get
82%
get
82%
get
82%
born
80.9%
born
80.9%
die
80.6%
die
80.6%
But
80%
but
80%
but
80%
road
79.8%
road
79.8%
road
79.8%
road
79.8%
let
78.7%
let
78.7%
sad
78.6%
sad
78.6%
sometimes
77.6%
sometimes
77.6%
you're
77%
you're
77%
love
76.6%
love
76.6%
feel
76.5%
feel
76.5%
go
75.9%
go
75.9%
know
75.8%
know
75.8%
gates
75.6%
not
75.5%
not
75.5%
I'm
75.4%
high
75%
high
75%
tough
74.6%
tough
74.6%
enough
74.5%
enough
74.5%
alone
74.5%
Who
74.3%
Friday
73.9%
were
73.3%
were
73.3%
can
73%
can
73%
kiss
73%
% Correct
kiss
73%
laugh
72.6%
laugh
72.6%
rain
72.2%
rain
72.2%
gets
71.7%
gets
71.7%
pouring
71.4%
pouring
71.4%
hard
71.2%
hard
71.2%
or
71.2%
mistake
71.1%
keep
71.1%
keep
71.1%
side
70.9%
side
70.9%
let's
70.7%
let's
70.7%
by
70.6%
making
70.5%
making
70.5%
insane
70.3%
insane
70.3%
city
69.9%
design
69.5%
streets
69.4%
hoping
69.2%
wild
68.6%
wild
68.6%
girls
67.7%
girls
67.7%
walking
67.5%
try
66.8%
try
66.8%
long
66.5%
long
66.5%
carry
66.4%
carry
66.4%
come
66.1%
come
66.1%
home
65.7%
What?
65.7%
What?
65.6%
what
65.6%
through
65.2%
time
65.2%
time
65.2%
last
64.5%
last
64.5%
last
64.5%
last
64.5%
told
64.1%
they'll
63.9%
cause
63.9%
cause
63.9%
honey
63.8%
honey
63.8%
fun
63.5%
fun
63.5%
it's
63.5%
have
63.1%
have
63.1%
if
62.7%
this
62.2%
this
62.2%
at
61.1%
meantime
60.1%
meantime
60.1%
words
58.3%
words
58.3%
nights
56.4%
lost
56%
was
55.4%
was
55.4%
found
54.4%
choose
53.9%
choose
53.9%
child
53.4%
confused
53.1%
little
52.5%
blind
51.6%
am
51.5%
see
51.4%
as
50.7%
once
49.3%
all
48.5%
answers
38.8%
trying
37.3%
find
37.2%
scared
37.1%
couldn't
35.7%
couldn't
35.7%

You're not logged in!

Compare scores with friends on all Sporcle quizzes.
Sign Up with Email
OR
Log In

You Might Also Like...

Show Comments

Extras

Top Quizzes Today


Score Distribution

Your Account Isn't Verified!

In order to create a playlist on Sporcle, you need to verify the email address you used during registration. Go to your Sporcle Settings to finish the process.